| 000 | 00372nam a2200157Ia 4500 | ||
|---|---|---|---|
| 008 | 210210b1939 xxu||||| |||| 00| 0 eng d | ||
| 041 | _aeng | ||
| 082 | _a829/850 | ||
| 100 | _aQUILLER (Couch) | ||
| 245 | _aMystery stories | ||
| 260 |
_aLondon _bJ M Dent & Sons Ltd. _c1939 |
||
| 650 | _astories | ||
| 650 | _aMystery | ||
| 690 | _aEnglish Fiction | ||
| 906 | _a017467 | ||
| 999 |
_c137433 _d137433 |
||